000 00555nam a22001577a 4500
999 _c534680
_d534680
020 _qHard Cover.
082 _a624.1
100 _aNawaz, Safwan
245 _aStudy of performance and implications of lowest bidding bid awarding system in Pakistan /
_cSafwan Nawaz.
260 _aIslamabad:
_bSCEE - NUST,
_c2013.
300 _a98 p. :
_bill. ;
_c30cm.
942 _2ddc
_cTHE
650 _aConstruction Engineering and Management MS-Thesis.
_917023
700 _aDr. Rafiq Muhammad Chaudary
_928989